Books that BFDI Book is - Statistics

General Stats
  • This quiz has been taken 146 times
    77 since last reset
  • The average score is 4 of 21
Answer Stats
Books % Correct
Dictionary
88%
History textbook
33%
Balancing Guide Book
29%
Hand-Powered Hand-Powered Recovery Center Creator User Manual
27%
Diary
24%
Journal
24%
Fashion magazine
22%
IDFB Handbook
18%
Inclusion handbook
18%
Yoyle City Atlas
18%
Chemistry textbook
16%
Geography textbook
16%
Aquatic sports textbook
12%
Bestiary
10%
Product Catalog
10%
Copy of Battle for Dream Island: Official Character Guide
8%
Grammar textbook
8%
Motivational Quote Pamphlet
8%
Research journal
8%
Taxonomy textbook
6%
Solution Book
4%
No matching quizzes found
Score Distribution
Percent of People with Each Score
Percentile by Number Answered
Your Score History
You have not taken this quiz since the last reset